TÌm hiểu qui định về quyền lợi và nghĩa vụ cán bộ công chức

সংরক্ষণ করুন:
গ্রন্থ-পঞ্জীর বিবরন
প্রধান লেখক: HUỲNH MINH NHỊ
বিন্যাস: গ্রন্থ
ভাষা:Undetermined
প্রকাশিত: Hà Nội Thống kê 2002
বিষয়গুলি:
ট্যাগগুলো: ট্যাগ যুক্ত করুন
কোনো ট্যাগ নেই, প্রথমজন হিসাবে ট্যাগ করুন!
Thư viện lưu trữ: Trung tâm Học liệu Trường Đại học Cần Thơ
LEADER 00537nam a2200169Ia 4500
001 CTU_47378
008 210402s9999 xx 000 0 und d
082 |a 352.6 
082 |b Nh300/2002 
100 |a HUỲNH MINH NHỊ 
245 0 |a TÌm hiểu qui định về quyền lợi và nghĩa vụ cán bộ công chức 
245 0 |c HUỲNH MINH NHỊ 
260 |a Hà Nội 
260 |b Thống kê 
260 |c 2002 
650 |a public administration 
980 |a Trung tâm Học liệu Trường Đại học Cần Thơ